00000000nam 2200000zi 4500
0019.925702
003CaOODSP
00520241002155250
006m     o  d f      
007cr |n|||||||||
008230731e200301##oncd    ob   f|0| 0 fre d
040 |aCaOODSP|bfre|erda|cCaOODSP
043 |an-cn---
0861 |aEn13-11/2-2003F-PDF
24500|aRecommandations pour la qualité des sédiments à l'égard de certaines substances chimiques.
264 1|a[Ottawa] : |bEnvironnement Canada, Bureau national des recommandations et des normes, |cjanvier 2003.
300 |a1 ressource en ligne (5 pages) : |bgraphiques.
336 |atexte|btxt|2rdacontent/fre
337 |ainformatique|bc|2rdamedia/fre
338 |aressource en ligne|bcr|2rdacarrier/fre
4901 |aCollection sur l'évaluation des sédiments ; |vFiche 2
500 |aÉdition numérisée de l’imprimé [par Environnement et changement climatique Canada].
500 |aPublié aussi en anglais sous le titre : Chemical-specific sediment quality guidelines.
504 |aComprend des références bibliographiques (page 5).
650 6|aSédiments marins|zCanada.
650 6|aSédiments (Géologie)|xAnalyse.
650 6|aSédiments (Géologie)|xRecherche|zCanada.
650 0|aMarine sediments|zCanada.
650 0|aSediments (Geology)|xAnalysis.
650 0|aSediments (Geology)|xResearch|zCanada.
7101 |aCanada.|bBureau national des recommandations et des normes, |eorganisme de publication.
77508|tChemical-specific sediment quality guidelines. |w(CaOODSP)9.943732
830#0|aCollection sur l'évaluation des sédiments ;|vFiche 2.|w(CaOODSP)9.920629
85640|qPDF|s4.19 Mo|uhttps://publications.gc.ca/collections/collection_2023/eccc/En13-11-2-2003-fra.pdf